000 00889cam a2200277 i 4500
001 4064
003 BD-RjUL
005 20211208233828.0
008 131221r19761943ctu b 001 0 eng
020 _a0837188784
035 _a(BD-RjUL)4098
040 _aDLC
_cDLC
_dDLC
_dBD-RjUL
_beng
041 _aeng
082 0 0 _a338.87
_bHEI
100 1 _aHexner, Ervin Paul,
_d1893-1968.
_912765
245 1 4 _aThe international steel cartel /
_cby Ervin Hexner.
260 _aWestport, Conn. :
_bGreenwood Press,
_c, c1943[reprinting1946]
300 _axxii, 339 p. ;
_c24 cm.
500 _aReprint of the ed. published by the University of North Carolina Press, Chapel Hill.
504 _aIncludes bibliographical references and index.
650 0 _aSteel industry and trade.
_99232
650 0 _aCartels.
_912921
942 _2ddc
_cBK
999 _c4064
_d4064